1315 1215 1824 1360 1663 1778 1680 1449 1508 1733 1217 1334 1463 1855 1939 1014 1232 1838 1666 1131 1333 1816 1572 1970 1775 1146 1742 1187 1079 1150 1730 1271 1394 1017 1307 1389 1057 1654 1470 1710 1325 1236 1337 1273 1465 1434 1589 1156 1814 1042 1321 1762 1637 1008 1038 1351 1574 1431 1011 1328 1128 1671 1466 1700 2000 1401 1173 1700 1578 1917 1426 1980 1856 1912 1116 1343 1001 1961 1841 1748 1402 1161 1312 1386 1570 1506 1570 1997 1897 1293 1147 1257 1651 1616 1878 1331 1513 1856 1354 BCNSPRNW ULIB Ver.6.0+V

เปลี่ยนเป็นภาษาไทย

Change to English
 แสดงรายละเอียดบรรณานุกรม
  กลับหน้าหลัก

Brief Record : Get Marc (ISO 2709) : E-mail record : QR code < ปิดหน้าต่าง
LEADER : 00000nam 2200000uu 4500
001    13399121322
003     ULIB
008    121115s2551||||th 000 0 tha d
020    ^a9789744512499
060 04 ^aWA275^bน473ห
100 0  ^aนายรอบคอบ
245 10 ^aหนังสือชุดรู้ทันภัย ตอน สารพัดภัยของคนขับรถ /^cนายรอบคอบ
260    ^aกรุงเทพฯ :^bวาไรตี้ มีเดีย,^c2551
300    ^a94 หน้า :^bภาพประกอบ
650  7 ^aการขับรถ
650  7 ^aมิจฉาชีพ
700 0  ^aศิริวิไล บัวศิริ,^eบรรณาธิการ
945    ^p75^l0^i16515
995    ^aวิภา
999 ^a ใช้งานได้ทุกระบบ
รายการนี้ยังไม่มีแท็ก
คุณยังไม่ได้ล็อกอิน คุณสามารถมีกิจกรรมร่วมกับเว็บไซต์ได้ แต่ต้องล็อกอินก่อน ::
  ล็อกอิน

รายการสื่อสารสนเทศ

ลำดับที่ ประเภท เลขเรียก/บาร์โค้ด สถานที่ สถานะ
- ไม่พบข้อมูล -

รายการใกล้เคียง
    ผู้แต่ง [นายรอบคอบ]

    หัวเรื่อง [การขับรถ]
    หัวเรื่อง [มิจฉาชีพ]

BibComment


ยังไม่เคยถูกคอมเมนท์

คอมเมนท์ทรัพยากรรายการนี้
  คอมเมนท์: หนังสือชุดรู้ทัน..


 Copyright 2026. Bcnsprnw @Library